000 00390nam a2200145Ia 4500
008 231129s2002||||xx |||||||||||||| ||spa||
020 _a958-97200-0-5
040 _bspa
082 _a986.1 M385c
100 _aMartí­nez Carreño Aí­da
245 0 _aCrónicas históricas
260 _c2002
264 _aAseguradora Colseguros
942 _2ddc
_cBKS
999 _c8318
_d8318